000 00275nam a2200097Ia 4500
001 1251161
005 20251031150910.0
008 251031s9999 xx 000 0 und d
245 0 _cFAZİLET SEYİTOĞLU
_aI-5 ÇOCUK ANNE BABASINDAN NE İSTER?
260 _bHAYY KİTAP YAYINLARI
999 _c1251161
_d1251161